[Event "Lansing (MI Am/4)"]
[Site "?"]
[Date "1993.??.??"]
[Round "?"]
[White "O'Ryan, C."]
[Black "Taylor, J."]
[Result "1-0"]
[WhiteElo "1605"]
[BlackElo "1605"]
[PlyCount "87"]
[EventDate "1993.??.??"]

1. Nf3 d5 2. g3 Nf6 3. Bg2 Bf5 4. O-O Nc6 5. d3 e6 6. Nbd2 Bd6 7. Re1 Qe7 8. e4
dxe4 9. dxe4 Bg4 10. Nc4 e5 11. b3 O-O-O 12. Nxd6+ Rxd6 13. Qe2 Nd4 14. Qc4
Nxf3+ 15. Bxf3 Bxf3 16. Ba3 Rd4 17. Bxe7 Rxc4 18. bxc4 Nxe4 19. Re3 Nd2 20.
Rxe5 Nxc4 21. Rf5 Nd2 22. Rxf7 g6 23. Rf8+ Rxf8 24. Bxf8 Be4 25. Rc1 Nf3+ 26.
Kf1 Nxh2+ 27. Ke2 Ng4 28. f3 Bxf3+ 29. Kxf3 Ne5+ 30. Kf4 Nd7 31. Bh6 Nc5 32.
Re1 Na4 33. Re7 Nc3 34. Rxh7 Nxa2 35. Ke5 Nb4 36. Ke6 b6 37. c3 Na2 38. c4 Nb4
39. Rg7 Nd3 40. Rxg6 Nb2 41. Kd5 Kd7 42. Rg7+ Ke8 43. Rxc7 a5 44. Ke6 1-0

[Event "Lansing (MI Am/3)"]
[Site "?"]
[Date "1993.??.??"]
[Round "?"]
[White "O'Ryan, C."]
[Black "Calabria, John"]
[Result "0-1"]
[WhiteElo "1605"]
[BlackElo "1605"]
[PlyCount "88"]
[EventDate "1993.??.??"]

1. Nf3 e6 2. d3 d5 3. g3 Nf6 4. Bg2 Nc6 5. O-O Nd7 6. e4 Be7 7. Re1 O-O 8. e5
b6 9. Bf4 Ba6 10. Nbd2 Nc5 11. h4 Qd7 12. c4 Nxd3 13. Re2 Nxf4 14. gxf4 dxc4
15. Qa4 c3 16. Nc4 Bxc4 17. Qxc4 cxb2 18. Rb1 Rad8 19. Rbxb2 f6 20. Red2 Qe8
21. Qxe6+ Kh8 22. exf6 Rxf6 23. Qe4 Rxd2 24. Rxd2 h6 25. Bf1 Rg6+ 26. Kh2 Qf7
27. Bd3 Bd6 28. Kh1 Ne7 29. Qa8+ Kh7 30. Bxg6+ Qxg6 31. Rd4 Nf5 32. Rd1 Qg4 33.
Rg1 Qh3+ 34. Nh2 Bxf4 35. Qg2 Qxh4 36. Qg6+ Kg8 37. Rg2 Bxh2 38. Rxh2 Qe4+ 39.
Kg1 Qe1+ 40. Kg2 Qe4+ 41. Kg1 Qb1+ 42. Kg2 Ne3+ 43. fxe3 Qxg6+ 44. Kh1 Qe4+ 0-1

[Event "Troy (TCC/DEU/1b/2)"]
[Site "?"]
[Date "1993.??.??"]
[Round "?"]
[White "O'Neill, M."]
[Black "Huston, S."]
[Result "0-1"]
[WhiteElo "1605"]
[BlackElo "1605"]
[PlyCount "56"]
[EventDate "1993.??.??"]

1. d4 d5 2. Nf3 Nc6 3. Nc3 Nf6 4. e3 Bf5 5. Qe2 a6 6. Bd2 Nb4 7. O-O-O Bxc2 8.
Re1 Bf5 9. g3 Nd3+ 10. Kd1 Nxb2+ 11. Kc1 Nd3+ 12. Kd1 Nxe1 13. Qxe1 e6 14. Ne5
Bd6 15. f4 O-O 16. Bd3 Bxe5 17. Qe2 Bg4 18. Ke1 Bxe2 19. Kxe2 Bd6 20. Kd1 c5
21. Re1 cxd4 22. exd4 Qb6 23. Be3 Bb4 24. Re2 Bxc3 25. Bd2 Bxd2 26. Rxd2 Qxd4
27. h4 Qg1+ 28. Ke2 Ng4 0-1

[Event "Troy (TCC/DEU/3/14)"]
[Site "?"]
[Date "1993.??.??"]
[Round "?"]
[White "O'Neill, M."]
[Black "Demers, J."]
[Result "0-1"]
[WhiteElo "1605"]
[BlackElo "1605"]
[PlyCount "68"]
[EventDate "1993.??.??"]

{3/(14)} 1. d4 Nf6 2. Nf3 e6 3. Nc3 d5 4. Bg5 Be7 5. e3 Nbd7 6. Bd3 c5 7. Qe2
c4 8. Bxc4 dxc4 9. e4 Nh5 10. Be3 b5 11. O-O a6 12. a3 Qc7 13. b4 cxb3 14. cxb3
Qxc3 15. Rad1 Qxb3 16. Rc1 Qxa3 17. Rc2 Qd6 18. Rd1 Nb6 19. Bd2 Nc4 20. Bc3 Nf4
21. Qe1 f6 22. g3 Ng6 23. Re2 Bb7 24. Rd3 O-O 25. Qf1 Qa3 26. Ne1 Qc1 27. g4
Nf4 28. Rc2 Qa3 29. Rf3 Bxe4 30. Bb2 Qd6 31. Rcc3 Bxf3 32. Rxf3 Nd2 33. Ba3
Nxf3+ 34. Kh1 Qxa3 0-1

[Event "East Lansing (MI Op/6/1)"]
[Site "?"]
[Date "1993.??.??"]
[Round "?"]
[White "Noren, Kevin"]
[Black "Tsemekhman, Vadim"]
[Result "0-1"]
[WhiteElo "2260"]
[BlackElo "2430"]
[PlyCount "96"]
[EventDate "1993.??.??"]

{6/(1)} 1. e4 e6 2. d4 d5 3. Nc3 Nf6 4. e5 Nfd7 5. f4 c5 6. Nf3 Nc6 7. Be3 cxd4
8. Nxd4 Bc5 9. Qd2 Bxd4 10. Bxd4 Nxd4 11. Qxd4 Qb6 12. Nb5 Qxd4 13. Nxd4 Ke7
14. Bd3 Nb8 15. Kd2 Nc6 16. Ke3 Bd7 17. h4 f6 18. Nxc6+ bxc6 19. b4 h6 20. c3
Rhf8 21. a3 c5 22. Rhb1 fxe5 23. fxe5 d4+ 24. cxd4 cxd4+ 25. Kxd4 Rf4+ 26. Ke3
Rxh4 27. Rc1 Rh5 28. Be4 Rc8 29. Rxc8 Bxc8 30. Rc1 Kd8 31. Rc5 a6 32. a4 Rh1
33. b5 Ra1 34. Rc4 Ra3+ 35. Kd4 Rb3 36. Kc5 Kc7 37. Rb4 Rxb4 38. Kxb4 axb5 39.
axb5 Kb6 40. g3 Bd7 41. Bd3 Be8 42. Bf1 h5 43. Bh3 Bd7 44. Bf1 g5 45. Be2 g4
46. Bc4 h4 47. gxh4 g3 48. Bf1 Bxb5 0-1

[Event "Lansing (MI Inv/4)"]
[Site "?"]
[Date "1993.??.??"]
[Round "?"]
[White "Noren, Kevin"]
[Black "Tsemekhman, Vadim"]
[Result "0-1"]
[WhiteElo "2275"]
[BlackElo "2415"]
[PlyCount "128"]
[EventDate "1993.??.??"]

1. e4 d6 2. d4 Nf6 3. Bd3 g6 4. Nf3 Bg7 5. O-O O-O 6. c3 Nfd7 7. Be3 e5 8. Nbd2
Nc6 9. a3 Kh8 10. Qc2 Qe8 11. Rfe1 Nd8 12. Nf1 Ne6 13. Ng3 a5 14. Ne2 Qe7 15.
dxe5 Nxe5 16. Nxe5 dxe5 17. b4 b6 18. f3 Bb7 19. Rad1 Rfd8 20. Bc4 Bf6 21. Qb3
Bg5 22. Bf2 axb4 23. axb4 Bc6 24. Rxd8+ Nxd8 25. Bd5 Bxd5 26. Qxd5 c6 27. Qb3
b5 28. Rd1 Qe6 29. Qxe6 Nxe6 30. g3 Ra2 31. Kf1 Kg7 32. Rd6 Ra6 33. h4 Bd8 34.
Be3 Kf8 35. Ke1 Bc7 36. Rd1 Ke8 37. Nc1 Nd8 38. Rd2 Ra3 39. Rc2 Nb7 40. Bd2 Nd6
41. Ra2 Rxa2 42. Nxa2 f5 43. exf5 gxf5 44. g4 Kf7 45. Nc1 Nc4 46. Bg5 Kg6 47.
Ke2 e4 48. gxf5+ Kxf5 49. fxe4+ Kxe4 50. Bf6 h5 51. Nd3 Bd6 52. Bg5 Kf5 53. Ne1
Be5 54. Kd3 Kg4 55. Nc2 Nb2+ 56. Kd2 Kf3 57. Ne1+ Ke4 58. Ng2 Na4 59. Kc2 Nxc3
60. Ne1 Nd5 61. Nd3 Bd6 62. Bd2 Be7 63. Be1 Ne3+ 64. Kd2 Ng2 0-1

[Event "Lansing (MI Inv/2a)"]
[Site "?"]
[Date "1993.??.??"]
[Round "?"]
[White "Noren, Kevin"]
[Black "Thompson, Dexter"]
[Result "1-0"]
[WhiteElo "2275"]
[BlackElo "2285"]
[PlyCount "62"]
[EventDate "1993.??.??"]

1. e4 e5 2. f4 exf4 3. Nf3 d6 4. d4 g5 5. h4 g4 6. Ng1 Bh6 7. Nc3 c6 8. Nge2
Qf6 9. g3 f3 10. Nf4 Qe7 11. Kf2 Nf6 12. Bd3 Nbd7 13. Nfd5 cxd5 14. Bxh6 dxe4
15. Bxe4 Nxe4+ 16. Nxe4 d5 17. Nc3 Nf6 18. Bg5 Be6 19. Qd2 h6 20. Bxh6 Qd8 21.
Bg5 Kf8 22. Rae1 Rh5 23. Qf4 Kg7 24. Qe5 Kg6 25. Qf4 Rc8 26. Re5 Rh8 27. Rhe1
Nh5 28. Qd2 Qd7 29. Bf6 Rh6 30. Bg5 Rhh8 31. Bf4 Kg7 1-0

[Event "Lansing (MI Inv/1)"]
[Site "?"]
[Date "1993.??.??"]
[Round "?"]
[White "Noren, Kevin"]
[Black "Thompson, Dexter"]
[Result "1/2-1/2"]
[WhiteElo "2275"]
[BlackElo "2285"]
[PlyCount "85"]
[EventDate "1993.??.??"]

1. Nf3 d5 2. e3 Nf6 3. b3 Bf5 4. Bb2 e6 5. Be2 Bd6 6. Nh4 Bg6 7. d3 Nbd7 8. Nd2
c6 9. g3 Qa5 10. a3 c5 11. c4 dxc4 12. bxc4 Rd8 13. Nxg6 hxg6 14. O-O Be5 15.
Qc2 Kf8 16. Rfb1 Qc7 17. d4 Bd6 18. Bc3 Rh6 19. a4 Ke7 20. Bf3 b6 21. a5 Rdh8
22. axb6 axb6 23. Nf1 cxd4 24. Bxd4 e5 25. Bb2 Rc8 26. Nd2 Rch8 27. Nf1 b5 28.
Rc1 Rc8 29. Nd2 Nb6 30. Be2 bxc4 31. Nxc4 Nxc4 32. Qxc4 Qxc4 33. Bxc4 Rc7 34.
Ba6 Rxc1+ 35. Rxc1 Ne4 36. Bb7 Nc5 37. Bg2 Nd3 38. Rc2 Rh8 39. Rd2 Rb8 40. Rxd3
Rxb2 41. Bd5 f6 42. Rb3 Rxb3 43. Bxb3 1/2-1/2

[Event "East Lansing (MI Op/1b/4)"]
[Site "?"]
[Date "1993.??.??"]
[Round "?"]
[White "Noren, Kevin"]
[Black "Skidmore, Mike"]
[Result "1-0"]
[WhiteElo "2260"]
[BlackElo "1930"]
[PlyCount "69"]
[EventDate "1993.??.??"]

1. e4 c6 2. d4 d5 3. exd5 cxd5 4. c4 Nf6 5. Nc3 e6 6. Nf3 Nbd7 7. cxd5 Nxd5 8.
Bd3 N7f6 9. O-O Nxc3 10. bxc3 Be7 11. Ne5 O-O 12. Re1 Bd7 13. Qf3 Bc6 14. Qh3
Rc8 15. Bg5 g6 16. Bh6 Nh5 17. Bxf8 Bxf8 18. Nxc6 Rxc6 19. Be4 Rc7 20. Qd3 Qg5
21. Rab1 b6 22. Rb5 f5 23. Bf3 Nf4 24. Qe3 Bh6 25. g3 Nh3+ 26. Kg2 Qxe3 27.
fxe3 Ng5 28. Rb3 Nf7 29. Re2 Nd6 30. e4 Kf7 31. exf5 Nxf5 32. Bg4 Ne3+ 33. Kf3
Nf5 34. Bxf5 gxf5 35. a4 1-0

[Event "East Lansing (May)"]
[Site "?"]
[Date "1993.??.??"]
[Round "?"]
[White "Noren, Kevin"]
[Black "Garrison, Ray"]
[Result "1-0"]
[WhiteElo "2275"]
[BlackElo "1940"]
[PlyCount "84"]
[EventDate "1993.??.??"]

1. e4 e6 2. d4 d5 3. Nc3 Bb4 4. e5 Ne7 5. a3 Bxc3+ 6. bxc3 c5 7. Nf3 Nbc6 8.
Be2 Qc7 9. O-O Bd7 10. a4 O-O-O 11. Ba3 c4 12. a5 Be8 13. Bd6 Rxd6 14. exd6
Qxd6 15. Re1 Qc7 16. a6 b6 17. Bf1 Bd7 18. Ne5 Nxe5 19. dxe5 Nc6 20. f4 f6 21.
Qg4 g5 22. exf6 Qxf4 23. Qxf4 gxf4 24. Be2 Rf8 25. Bf3 Rxf6 26. Kf2 Kc7 27. Re2
Kd6 28. Rd1 Ne7 29. Rde1 Rh6 30. Kg1 Nf5 31. Bg4 Ng7 32. Rf1 Rf6 33. g3 h5 34.
Bh3 Bb5 35. Rxf4 Rxf4 36. gxf4 Bxa6 37. Rg2 Nf5 38. Bxf5 exf5 39. Rg7 b5 40.
Rxa7 Bc8 41. Rh7 d4 42. cxd4 b4 1-0

[Event "East Lansing (May)"]
[Site "?"]
[Date "1993.??.??"]
[Round "?"]
[White "Noren, Kevin"]
[Black "Chehayeb, Sal"]
[Result "1-0"]
[WhiteElo "2275"]
[BlackElo "2130"]
[PlyCount "68"]
[EventDate "1993.??.??"]

1. e4 c5 2. Nc3 Nc6 3. Nge2 g6 4. g3 Bg7 5. Bg2 e6 6. O-O Nge7 7. d3 O-O 8. Be3
Nd4 9. Qd2 Nec6 10. Rab1 Rb8 11. Nf4 Ne5 12. f3 b5 13. Nce2 Nxe2+ 14. Nxe2 Qc7
15. h3 d5 16. f4 d4 17. Bf2 Nc6 18. g4 Ba6 19. Ng3 c4 20. e5 Bh6 21. Ne4 cxd3
22. cxd3 b4 23. Rbc1 Qb6 24. Rxc6 Qb5 25. Nf6+ Kh8 26. Nd7 Qxd3 27. Qxd3 Bxd3
28. Rd1 Bb5 29. Nxb8 Rxb8 30. Rc7 Bxf4 31. Bxd4 Rd8 32. Kf2 Kg8 33. Rc5 a6 34.
Bf3 g5 $138 1-0

[Event "East Lansing (MI Op/5/2)"]
[Site "?"]
[Date "1993.??.??"]
[Round "?"]
[White "Noren, Kevin"]
[Black "Basin, Leonid"]
[Result "1-0"]
[WhiteElo "2260"]
[BlackElo "2485"]
[PlyCount "59"]
[EventDate "1993.??.??"]

{5/(2)} 1. e4 c5 2. Nf3 Nc6 3. d4 cxd4 4. Nxd4 Nf6 5. Nc3 d6 6. f3 e6 7. Be3
Be7 8. Qd2 O-O 9. g4 d5 10. g5 Nxd4 11. Qxd4 Nd7 12. exd5 Bxg5 13. O-O-O Nb6
14. d6 Bd7 15. Ne4 Bxe3+ 16. Qxe3 Rc8 17. Rg1 Kh8 18. Kb1 a5 19. Bd3 Nd5 20.
Qd4 f6 21. Ng3 Qb6 22. Qh4 f5 23. Ne2 Qxd6 24. Bc4 Bc6 25. Bxd5 exd5 26. Nf4
Rf7 27. Rg6 Qd8 28. Rg5 Qf6 29. Rdg1 Rcc7 30. Rxg7 1-0

[Event "Lansing (MI Am/2)"]
[Site "?"]
[Date "1993.??.??"]
[Round "?"]
[White "Nixon, Peter"]
[Black "Taylor, J."]
[Result "1-0"]
[WhiteElo "1605"]
[BlackElo "1605"]
[PlyCount "115"]
[EventDate "1993.??.??"]

1. e4 e5 2. Nf3 Nc6 3. Bb5 a6 4. Ba4 Nf6 5. O-O Nxe4 6. Re1 Nc5 7. Bxc6 dxc6 8.
Nxe5 Be6 9. d4 Nd7 10. Nf3 Bd6 11. d5 cxd5 12. Qxd5 Rb8 13. Ng5 Nf6 14. Qf3 Qd7
15. Nxe6 fxe6 16. Qb3 Kf7 17. Nc3 Rhe8 18. Bg5 Kg8 19. Rad1 b5 20. Bxf6 gxf6
21. Ne4 Qe7 22. Nxd6 cxd6 23. Qg3+ Kh8 24. Qxd6 Qxd6 25. Rxd6 a5 26. Rdxe6 Rf8
27. Rd1 Kg7 28. Rd7+ Kg6 29. Ree7 Rh8 30. Rg7+ Kf5 31. g4+ Ke5 32. Kg2 a4 33.
Kf3 Rbe8 34. Rxh7 Rxh7 35. Rxh7 Rc8 36. Rh5+ Ke6 37. Rxb5 Rxc2 38. a3 Rc1 39.
Kg2 Rc4 40. Rb4 Rc2 41. h4 Kf7 42. h5 Kg7 43. Kg3 Rd2 44. Rxa4 Rxb2 45. Ra7+
Kh6 46. Re7 Ra2 47. Re3 Kh7 48. f4 Kh6 49. Kh4 Ra1 50. g5+ fxg5+ 51. fxg5+ Kg7
52. h6+ Kg6 53. Kg4 Ra2 54. Kf4 Kh7 55. Re7+ Kh8 56. g6 Rf2+ 57. Ke3 Rf8 58.
g7+ 1-0

[Event "East Lansing (MOR/6/17)"]
[Site "?"]
[Date "1993.??.??"]
[Round "?"]
[White "Nixon, Peter"]
[Black "Sundeen, David"]
[Result "1/2-1/2"]
[WhiteElo "1605"]
[BlackElo "1695"]
[PlyCount "73"]
[EventDate "1993.??.??"]

{6/(17)} 1. e4 e5 2. Nf3 Nf6 3. Nc3 Nc6 4. Bb5 Nd4 5. d3 Nxb5 6. Nxb5 d6 7. O-O
Be7 8. Be3 a6 9. Nc3 O-O 10. h3 Be6 11. d4 exd4 12. Nxd4 Qd7 13. Nxe6 Qxe6 14.
f3 Rfe8 15. Qd2 Rad8 16. Rad1 Bf8 17. Nd5 Nxd5 18. Qxd5 Qxd5 19. Rxd5 Re5 20.
Rfd1 Rde8 21. Bf4 Rxd5 22. Rxd5 g6 23. Kf2 Bg7 24. b3 h5 25. g4 hxg4 26. hxg4
Be5 27. Bxe5 Rxe5 28. Ke3 Kg7 29. f4 Rxd5 30. exd5 f5 31. g5 Kf7 32. a4 Ke7 33.
b4 Kd7 34. Kd4 b6 35. b5 a5 36. c4 Kc8 37. Kc3 1/2-1/2

[Event "Flint (Class C/4)"]
[Site "?"]
[Date "1993.??.??"]
[Round "?"]
[White "Nixon, Peter"]
[Black "Snobeck, Michael"]
[Result "1-0"]
[WhiteElo "1605"]
[BlackElo "1605"]
[PlyCount "58"]
[EventDate "1993.??.??"]

1. e4 c5 2. Nf3 d6 3. d4 cxd4 4. Nxd4 Nc6 5. Nc3 g6 6. Be3 Bg7 7. Qd2 Nf6 8.
Nxc6 bxc6 9. Bh6 O-O 10. O-O-O Qb6 11. Bxg7 Kxg7 12. f4 Nd7 13. g4 Nc5 14. f5
Rb8 15. b3 a5 16. h4 Bd7 17. h5 Rh8 18. Qd4+ f6 19. g5 a4 20. h6+ Kf7 21. Bc4+
d5 22. exd5 Nxb3+ 23. cxb3 Qxd4 24. Rxd4 cxd5 25. Bxd5+ e6 26. fxe6+ Bxe6 27.
Bxe6+ Kxe6 28. Re1+ Kf7 29. Rd7+ Kf8 1-0

[Event "East Lansing (MOR/3/7)"]
[Site "?"]
[Date "1993.??.??"]
[Round "?"]
[White "Nixon, Peter"]
[Black "Rosenberg, Steve"]
[Result "0-1"]
[WhiteElo "1605"]
[BlackElo "1725"]
[PlyCount "94"]
[EventDate "1993.??.??"]

{3/(7)} 1. e4 Nf6 2. Nc3 e5 3. Nf3 Nc6 4. Bb5 d6 5. h3 Bd7 6. O-O Be7 7. d4 a6
8. Bxc6 Bxc6 9. dxe5 Nxe4 10. Nxe4 Bxe4 11. exd6 Bxf3 12. Qxf3 Qxd6 13. Qxb7
O-O 14. Re1 Bf6 15. Qf3 Rad8 16. Bf4 Qb6 17. Rab1 Qa5 18. a3 Bxb2 19. Bxc7 Qxc7
20. Rxb2 Rd2 21. Qe4 Qc5 22. Qe3 Rxc2 23. Qxc5 Rxc5 24. Re7 Rc3 25. Ra2 Ra8 26.
a4 a5 27. Rae2 g6 28. Re8+ Rxe8 29. Rxe8+ Kg7 30. Ra8 Rc1+ 31. Kh2 Rc5 32. Ra6
g5 33. Kg3 f6 34. Kf3 h5 35. Ke3 Kg6 36. Rd6 g4 37. h4 Re5+ 38. Kf4 Re2 39. Kg3
Re4 40. f3 gxf3 41. gxf3 Rxa4 42. Ra6 Ra1 43. Kf4 a4 44. Ke3 a3 45. Kd2 a2 46.
Kc2 Rh1 47. Rxa2 Rh2+ 0-1

[Event "Troy (TCC/C/2/14)"]
[Site "?"]
[Date "1993.??.??"]
[Round "?"]
[White "Nixon, Peter"]
[Black "Lane, T."]
[Result "0-1"]
[WhiteElo "1605"]
[BlackElo "1605"]
[PlyCount "82"]
[EventDate "1993.??.??"]

{2/(14)} 1. e4 c5 2. Nf3 d6 3. d4 cxd4 4. Nxd4 Nf6 5. Nc3 a6 6. a4 e5 7. Nb3
Be7 8. Bc4 O-O 9. O-O Qc7 10. Bd5 Bd7 11. f4 Nc6 12. fxe5 Nxe5 13. h3 Rab8 14.
Nd4 Rfc8 15. Rf2 h6 16. Be3 Nc4 17. Bxc4 Qxc4 18. Qd2 Rd8 19. Raf1 Rf8 20. b3
Qb4 21. Nde2 Nxe4 22. Nxe4 Qxe4 23. Nc3 Qg6 24. Rf3 Be6 25. Bf4 Rbc8 26. Rg3
Qh5 27. Bxh6 Qc5+ 28. Kh1 g6 29. Bxf8 Rxf8 30. Ne4 Qe5 31. Qf4 Qxf4 32. Rxf4 d5
33. Nf6+ Kg7 34. Rgf3 g5 35. Nh5+ Kg6 36. Rf6+ Bxf6 37. Nxf6 Rc8 38. c3 Rd8 39.
g4 d4 40. cxd4 Rxd4 41. Ne8 Bd5 0-1

[Event "East Lansing (MOR/5/34)"]
[Site "?"]
[Date "1993.??.??"]
[Round "?"]
[White "Nixon, Peter"]
[Black "Krzyston, Joe"]
[Result "1-0"]
[WhiteElo "1605"]
[BlackElo "1605"]
[PlyCount "77"]
[EventDate "1993.??.??"]

{5/(34)} 1. e4 e5 2. Nf3 d6 3. Bc4 Be6 4. Bxe6 fxe6 5. O-O Nf6 6. Nc3 Be7 7. d4
Nc6 8. dxe5 O-O 9. exf6 Bxf6 10. Bd2 a6 11. Re1 Re8 12. Rb1 Nd4 13. Nxd4 Bxd4
14. Ne2 Bc5 15. Ng3 c6 16. Bc3 Rf8 17. Rf1 Qb6 18. Qg4 e5 19. Qe2 Qa7 20. Rbd1
Rae8 21. Nf5 Re6 22. Qc4 Rfe8 23. Nxd6 b5 24. Qb3 R8e7 25. Nc8 Qc7 26. Nxe7+
Qxe7 27. Bxe5 Kf8 28. Rd8+ Qxd8 29. Qxe6 Qe7 30. Qxe7+ Kxe7 31. Bxg7 a5 32. Kh1
a4 33. f4 Kf7 34. Bc3 b4 35. Bd2 Bd4 36. c3 bxc3 37. Bxc3 c5 38. Bxd4 cxd4 39.
Rd1 1-0

[Event "Flint (Class C/2)"]
[Site "?"]
[Date "1993.??.??"]
[Round "?"]
[White "Nixon, Peter"]
[Black "Jensen, D."]
[Result "1-0"]
[WhiteElo "1605"]
[BlackElo "1605"]
[PlyCount "139"]
[EventDate "1993.??.??"]

1. e4 c5 2. Nf3 e6 3. d4 cxd4 4. Nxd4 Nc6 5. Nc3 Nf6 6. a3 Be7 7. Be2 O-O 8.
O-O d5 9. exd5 Nxd5 10. Nxc6 bxc6 11. Ne4 Qc7 12. Bd3 Nf6 13. Bg5 Nxe4 14. Bxe7
Qxe7 15. Bxe4 Bb7 16. Qh5 f5 17. Bd3 Rf6 18. Rfe1 Qf7 19. Qxf7+ Kxf7 20. Re5
Rd8 21. Kf1 Rd5 22. Re2 Rd6 23. Rd1 c5 24. Red2 Rg6 25. f3 Rf6 26. Bb5 Rxd2 27.
Rxd2 Bd5 28. c4 a6 29. Bxa6 Bc6 30. b4 cxb4 31. axb4 Ke7 32. b5 Ba8 33. c5 e5
34. c6 Bxc6 35. bxc6 Rxc6 36. Bb5 Rd6 37. Re2 Kf6 38. h4 f4 39. Ba4 h6 40. Bc2
g5 41. h5 Rd4 42. Be4 Rd1+ 43. Re1 Rd2 44. Rc1 Rd6 45. Kf2 Rd2+ 46. Kg1 Rd6 47.
Kh2 Rb6 48. Rc6+ Rxc6 49. Bxc6 Ke6 50. Kh3 Kf5 51. Be4+ Kf6 52. Kg4 Ke6 53. Bc2
Kf6 54. Bb3 e4 55. fxe4 Ke5 56. Bd5 Kf6 57. Kf3 Ke5 58. Ke2 g4 59. Kd3 Kf6 60.
Bc6 Ke5 61. Bd7 g3 62. Bg4 Kf6 63. Ke2 Kg5 64. Kf3 Kh4 65. e5 Kg5 66. e6 Kf6
67. Kxf4 Ke7 68. Kf5 Ke8 69. Kg6 Ke7 70. Kg7 1-0

[Event "Lansing (MI Am/4)"]
[Site "?"]
[Date "1993.??.??"]
[Round "?"]
[White "Nixon, Peter"]
[Black "Berger, Byron"]
[Result "1-0"]
[WhiteElo "1605"]
[BlackElo "1605"]
[PlyCount "63"]
[EventDate "1993.??.??"]

1. e4 e5 2. Nf3 Nf6 3. Nc3 Bb4 4. Bc4 Bxc3 5. dxc3 Nc6 6. O-O Nxe4 7. Re1 Nd6
8. Nxe5 O-O 9. Nxc6 dxc6 10. Bb3 Re8 11. Bf4 Bf5 12. Qh5 Bg6 13. Qd1 Qf6 14.
Qd4 Qh4 15. Bxd6 Qxd4 16. cxd4 cxd6 17. Re3 Rxe3 18. fxe3 d5 19. c4 Be4 20.
cxd5 Bxd5 21. Bxd5 cxd5 22. Rc1 f5 23. Rc7 Rb8 24. Rd7 Re8 25. Kf2 f4 26. exf4
Re4 27. Rxd5 Rxf4+ 28. Ke3 Rf1 29. Rd7 Rg1 30. Kf2 Rd1 31. Ke2 Rb1 32. Rxb7 1-0

[Event "East Lansing (MOR/1b/24)"]
[Site "?"]
[Date "1993.??.??"]
[Round "?"]
[White "Nixon, Peter"]
[Black "Arenson, Kevin"]
[Result "1-0"]
[WhiteElo "1605"]
[BlackElo "1605"]
[PlyCount "129"]
[EventDate "1993.??.??"]

1. e4 e5 2. Nf3 Nc6 3. Bb5 Nd4 4. Nxd4 exd4 5. O-O Nf6 6. e5 a6 7. Bc4 d5 8.
exf6 Be6 9. Bb3 Qxf6 10. Re1 O-O-O 11. Qe2 Rd6 12. c3 c5 13. d3 b5 14. a3 c4
15. dxc4 bxc4 16. Ba4 Qg6 17. cxd4 Bh3 18. Qe8+ Rd8 19. Qc6+ Qxc6 20. Bxc6 Rd6
21. Re8+ Kc7 22. Ba4 Bd7 23. Bxd7 Kxd7 24. Ra8 Re6 25. Kf1 Re4 26. Be3 Re8 27.
Rxa6 Bd6 28. Nc3 Bxh2 29. Nxd5 h5 30. Ra7+ Kc6 31. Nb4+ Kd6 32. Rxf7 Ref8 33.
Rxg7 h4 34. Rg6+ Ke7 35. Re1 Kf7 36. Rc6 h3 37. Rc7+ Bxc7 38. gxh3 Rxh3 39. Nd5
Bd6 40. a4 Rh2 41. a5 Bg3 42. fxg3 Ke6+ 43. Nf4+ Kd6 44. a6 Rxb2 45. Ra1 Rbb8
46. a7 Ra8 47. Kg2 Kc7 48. Ne6+ Kb7 49. Nxf8 Rxf8 50. a8=Q+ Rxa8 51. Rxa8 Kxa8
52. g4 Kb8 53. g5 Kc7 54. g6 Kd6 55. g7 Kd5 56. g8=Q+ Ke4 57. Kf2 Kd3 58. Qg6+
Kc3 59. d5 Kb3 60. d6 c3 61. d7 c2 62. d8=Q Kb2 63. Qc6 Ka3 64. Qb8 Ka2 65.
Qa4# 1-0

[Event "Flint (Class B/3)"]
[Site "?"]
[Date "1993.??.??"]
[Round "?"]
[White "Nicolli, Randy"]
[Black "Smith, Robert"]
[Result "0-1"]
[WhiteElo "1625"]
[BlackElo "1725"]
[PlyCount "142"]
[EventDate "1993.??.??"]

1. f4 Nf6 2. b3 e6 3. Bb2 b6 4. Nf3 Bb7 5. e3 Be7 6. Be2 O-O 7. O-O d6 8. Qe1
Nbd7 9. Ng5 h6 10. Nh3 Nc5 11. Bf3 d5 12. Nc3 Nce4 13. d3 Nxc3 14. Bxc3 c5 15.
Bb2 Ne8 16. Kh1 Bf6 17. Bxf6 Qxf6 18. Nf2 Nd6 19. Ng4 Qe7 20. Ne5 Nf5 21. g4
Nh4 22. Rg1 g5 23. Bg2 f6 24. Nf3 Nxg2 25. Rxg2 Rae8 26. fxg5 fxg5 27. Ne5 Qg7
28. d4 cxd4 29. exd4 Rf4 30. Rf2 Ref8 31. Rxf4 Rxf4 32. c3 Ba6 33. Qg3 Qf6 34.
b4 Rf1+ 35. Rxf1 Qxf1+ 36. Qg1 Qe2 37. Qb1 Qf1+ 38. Qxf1 Bxf1 39. Kg1 Be2 40.
Kf2 Bd1 41. Nc6 a6 42. h3 Kf7 43. Nb8 a5 44. bxa5 bxa5 45. Nc6 a4 46. a3 Bb3
47. Ke3 Kf6 48. Kd2 Bc4 49. Ke1 Bb5 50. Ne5 Kg7 51. Kf2 Be8 52. Kg3 Kf6 53. Kf3
Ke7 54. Ke3 Kd6 55. Kd3 Bb5+ 56. Ke3 Bf1 57. h4 gxh4 58. Kf2 Bh3 59. Nf7+ Ke7
60. Nxh6 Kf6 61. Kg1 Kg5 62. Nf7+ Kxg4 63. Kh2 Bf1 64. Nd8 Kf5 65. Kg1 Bb5 66.
Kh2 Bd7 67. Kh3 e5 68. dxe5 Kxe5+ 69. Kxh4 Ke4 70. Nb7 Bc6 71. Nd6+ Kd3 0-1

[Event "East Lansing (MOR/6/4)"]
[Site "?"]
[Date "1993.??.??"]
[Round "?"]
[White "Nicolli, Randy"]
[Black "Smith, Rob"]
[Result "1-0"]
[WhiteElo "1695"]
[BlackElo "1760"]
[PlyCount "103"]
[EventDate "1993.??.??"]

{6/(4)} 1. f4 Nf6 2. b3 d5 3. Bb2 Bf5 4. Nf3 e6 5. e3 Be7 6. Be2 c5 7. O-O O-O
8. Ne5 Nbd7 9. d3 Nxe5 10. fxe5 Nd7 11. Nd2 Bg5 12. Rf3 Qc7 13. e4 dxe4 14.
dxe4 Bxd2 15. exf5 Nxe5 16. Qxd2 Nxf3+ 17. Bxf3 exf5 18. Qg5 f6 19. Bd5+ Kh8
20. Qxf5 Qe7 21. Rf1 Rae8 22. Bc4 Qe3+ 23. Kh1 Re4 24. Bd3 Rh4 25. Bc1 Qd4 26.
g3 g6 27. Qe6 Rh5 28. Qe7 Qd5+ 29. Be4 Qf7 30. Qxb7 Qxb7 31. Bxb7 Re5 32. Bb2
Re6 33. c4 Kg7 34. Bd5 Re2 35. Ba3 Rc8 36. Ra1 Kf8 37. b4 cxb4 38. Bxb4+ Ke8
39. a3 Kd7 40. Rd1 Kc7 41. Bf3 Re3 42. Bd6+ Kb6 43. Rb1+ Ka6 44. Bb7+ Ka5 45.
Bxc8 Rd3 46. Bb4+ Kb6 47. c5+ Kb5 48. Bh3 Rd8 49. Bf1+ Ka4 50. Ba6 Rd7 51. c6
Rc7 52. Rc1 1-0

[Event "Flint (Class B/1)"]
[Site "?"]
[Date "1993.??.??"]
[Round "?"]
[White "Nicolli, Randy"]
[Black "Sledge, Ernest"]
[Result "1-0"]
[WhiteElo "1625"]
[BlackElo "1750"]
[PlyCount "79"]
[EventDate "1993.??.??"]

1. f4 Nf6 2. b3 g6 3. Bb2 Bg7 4. e4 O-O 5. d3 d6 6. Nf3 c6 7. Nbd2 b5 8. g3 Qb6
9. Qe2 Nbd7 10. Bg2 Nxe4 11. Bxg7 Nxd2 12. Bxf8 Nxf3+ 13. Bxf3 Kxf8 14. Kf1 Nf6
15. Re1 Qc7 16. Kg2 Be6 17. c4 a6 18. g4 d5 19. g5 Ne8 20. Qe5 Qxe5 21. Rxe5
Rd8 22. cxd5 cxd5 23. Rc1 Bf5 24. Rxd5 Rxd5 25. Bxd5 Nd6 26. d4 e6 27. Bf3 a5
28. Rc6 Ke7 29. Ra6 a4 30. bxa4 bxa4 31. Rxa4 Bd3 32. Ra7+ Kf8 33. a4 Nf5 34.
d5 exd5 35. Kf2 d4 36. a5 Bc4 37. a6 d3 38. Ra8+ Kg7 39. a7 d2 40. Rd8 1-0

[Event "Lansing (MI Am/1)"]
[Site "?"]
[Date "1993.??.??"]
[Round "?"]
[White "Nicolli, Randy"]
[Black "Phalen, Michael"]
[Result "1-0"]
[WhiteElo "1695"]
[BlackElo "1605"]
[PlyCount "79"]
[EventDate "1993.??.??"]

1. f4 d5 2. b3 Bf5 3. Bb2 Nf6 4. e3 Nc6 5. a3 e6 6. Nf3 Bd6 7. Bb5 a6 8. Bxc6+
bxc6 9. O-O Ne4 10. d3 Nf6 11. Nbd2 O-O 12. Qe1 Rb8 13. Nd4 Qd7 14. Nxf5 exf5
15. Nf3 Nh5 16. h3 Rfe8 17. Ne5 Bxe5 18. Bxe5 f6 19. Bd4 Qd6 20. b4 Nxf4 21.
Rxf4 Qxf4 22. exf4 Rxe1+ 23. Rxe1 Kf7 24. Bc5 g5 25. Re7+ Kg6 26. fxg5 fxg5 27.
Rxc7 Re8 28. Rxc6+ Kh5 29. Kf2 f4 30. Rxa6 Re3 31. Bxe3 fxe3+ 32. Kxe3 Kh4 33.
Kf2 h5 34. b5 d4 35. Kf3 g4+ 36. hxg4 hxg4+ 37. Kf4 Kh5 38. a4 g3 39. a5 Kh4
40. Rh6# 1-0

[Event "East Lansing (MOR/2/16)"]
[Site "?"]
[Date "1993.??.??"]
[Round "?"]
[White "Nicolli, Randy"]
[Black "Nixon, Peter"]
[Result "0-1"]
[WhiteElo "1695"]
[BlackElo "1605"]
[PlyCount "94"]
[EventDate "1993.??.??"]

{2/(16)} 1. f4 Nf6 2. b3 g6 3. Bb2 Bg7 4. e4 O-O 5. d3 d6 6. Nf3 c5 7. Be2 Nc6
8. O-O b5 9. Nbd2 Bb7 10. Rb1 b4 11. Nc4 Re8 12. Qd2 a5 13. e5 Nd5 14. Ng5 h6
15. Ne4 f5 16. exf6 Nxf6 17. Nxf6+ Bxf6 18. Bxf6 exf6 19. Bf3 d5 20. Ne3 Nd4
21. Bg4 h5 22. Bh3 Nb5 23. Rfe1 Nc3 24. Ra1 f5 25. Qf2 Ra6 26. Qg3 Bc8 27. Nxf5
Ne2+ 28. Rxe2 Rxe2 29. Nh6+ Kh7 30. Bxc8 Qxc8 31. Nf7 Qe8 32. Ne5 Rxc2 33. Qf3
Qe6 34. Kf1 a4 35. Re1 Rxa2 36. Nxg6 Qxg6 37. Re7+ Kh6 38. f5 Qxg2+ 39. Qxg2
Rxg2 40. Kxg2 a3 41. Re1 a2 42. Ra1 Kg5 43. Kf3 Kxf5 44. h3 h4 45. Ke3 d4+ 46.
Kf3 Ra3 47. Ke2 Kf4 0-1